<To> What extent are stock returns driven by mean and volatility spillover effects?-evidence from eight european stock markets

Skúmanie "Spillover efektov" na akciových trhoch v USA a v Európe a cien ropy na národných akciových trhov v ôsmich európskych krajinách.

Gespeichert in:
Bibliographische Detailangaben
1. Verfasser: Alikhanov, Abdulla
Format: Buchkapitel
Sprache:Englisch
Schlagworte:
Tags: Tag hinzufügen
Keine Tags, Fügen Sie das erste Tag hinzu!

MARC

LEADER 00000naa a2200000 4500
001 0174401
005 20231129091910.4
041 0 |a eng 
044 |a CZ 
245 1 0 |a <To> What extent are stock returns driven by mean and volatility spillover effects?-evidence from eight european stock markets  |c Abdulla Alikhanov 
520 |a Skúmanie "Spillover efektov" na akciových trhoch v USA a v Európe a cien ropy na národných akciových trhov v ôsmich európskych krajinách. 
610 2 0 |a trh finančný medzinárodný 
610 2 0 |a trh akciový 
610 2 0 |a volatilita 
610 2 0 |a kurz výmenný 
610 2 0 |a ropa 
610 2 0 |a efekt asymetrický 
610 2 0 |a Európa 
610 2 0 |a USA 
100 1 |a Alikhanov, Abdulla